00778nam a2200193Ia 4500003000400000005001700004008004100021020001800062040000900080082001700089100002000106245008000126260003000206300000900236942004000245952014100285952014100426999001700567OSt20200610135952.0190216s9999||||xx |||||||||||||| ||und|| a9788188629503 coclc a294.3bMIT/A aMittal, P92740 0aArchaeological And Epigraphical Sources In Buddhism /cP Mittal ; Geeta Dua bOriginals,c2008.aDelhi: a270p cBK2ddch294.3iMIT/Ak294.3mMIT/A 00102ddc40708RELIGIONaMESbMEScRELIGIONd2019-02-20g500.00l0o294.3 MIT/Ap35503r2019-02-20 00:00:00t1w2019-02-20yBKzGL48R1 00102ddc40708RELIGIONaMESbMEScRELIGIONd2019-02-20g500.00l0o294.3 MIT/Ap38249r2019-02-20 00:00:00t2w2019-02-20yBKzGL48R1 c21409d21409